The training of social workers /

Bibliographic Details
Main Author: Hagerty, James Edward
Format: Book
Language:English
Published: New York, London : McGraw-Hill book company, inc., 1931.
Edition:1st ed.
Series:McGraw-Hill publications in sociology.
Subjects:

MARC

Tag First Indicator Second Indicator Subfields
LEADER 00000cam a2200000 4500
001 in00000053920
005 20151008050912.0
008 770302s1931 nyu 00010 engm
010 |a  31023338  
035 |a (OCoLC)02773025 
035 |9 AAG4159AM 
040 |a DLC  |c VJA  |d VJA  |d TXA  |d UtOrBLW 
049 |a TXAM  |c [66513] 
050 0 |a HV11  |b .H3 
092 |a 361.8  |b H144t 
100 1 |a Hagerty, James Edward. 
245 1 4 |a The training of social workers /  |c by James Edward Hagerty. 
250 |a 1st ed. 
264 1 |a New York,  |a London :  |b McGraw-Hill book company, inc.,  |c 1931. 
300 |a viii, 205 pages ;  |c 24 cm. 
336 |a text  |b txt  |2 rdacontent 
337 |a unmediated  |b n  |2 rdamedia 
338 |a volume  |b nc  |2 rdacarrier 
490 1 |a McGraw-Hill publications in sociology 
650 0 |a Social service. 
830 0 |a McGraw-Hill publications in sociology. 
999 |a MARS 
999 f f |s 8ed277f3-3345-30d7-8c4a-a0f75b89fd9a  |i 7e2219e7-e021-3bdc-8cbe-94f6936dceb7  |t 0 
952 f f |p ric  |a Texas A&M University  |b Rellis Campus  |c Joint Library Facility  |d Remote Storage  |t 0  |e HV11 .H3  |h Library of Congress classification  |i unmediated -- volume  |m A14800809346 
998 f f |a HV11 .H3  |t 0  |l Remote Storage